Drought-proneness and human response : Case study of Orissa (Record no. 12884)

MARC details
000 -LEADER
fixed length control field 00474nam a2200157Ia 4500
082 ## - DEWEY DECIMAL CLASSIFICATION NUMBER
Classification number TP.0010
100 ## - MAIN ENTRY--AUTHOR NAME
Personal name Patnaik, Manjurani
245 #0 - TITLE STATEMENT
Title Drought-proneness and human response : Case study of Orissa
260 ## - PUBLICATION, DISTRIBUTION, ETC. (IMPRINT)
Year of publication 1985
Name of publisher Indian Institute of Technology, Kharagpur
300 ## - PHYSICAL DESCRIPTION
Number of Pages xii, 267p. + C D - 46
650 ## - SUBJECT ADDED ENTRY--TOPICAL TERM
Topical Term WATER SUPPLY///DROUGHTS
650 ## - SUBJECT ADDED ENTRY--TOPICAL TERM
Topical Term DROUGHTS - ORISSA
650 ## - SUBJECT ADDED ENTRY--TOPICAL TERM
Topical Term RAIN AND RAINFALL///DROUGHTS
650 ## - SUBJECT ADDED ENTRY--TOPICAL TERM
Topical Term METEOROLOGY///DROUGHTS
942 ## - ADDED ENTRY ELEMENTS (KOHA)
Koha item type Thesis
Source of classification or shelving scheme Dewey Decimal Classification
Holdings
Withdrawn status Lost status Damaged status Not for loan Home library Current library Date acquired Bill Date Full call number Accession Number Price effective from Koha item type
        NASSDOC Library NASSDOC Library 08/10/2004 2004-10-22 TP.0010 26692 18/04/2019 Thesis